000 00845nam a2200277 a 4500
001 000022197
005 20200930011626.0
008 100917s1976 sp 000 f spa d
020 _a8402004830
040 _aDO-SdBNP
_bspa
_cBNPHU
082 _a843.7
_bS825c, 1976
100 1 _aStendhal,
_d1783-1842
_916823
240 1 0 _aLa chartreuse de Parme.
_lEspañol
245 1 3 _aLa cartuja de Parma /
_cStendhal ; traducción de Julio C. Acerete.
250 _a5a ed.
260 _aBarcelona :
_bBruguera,
_c1976.
300 _a557, [1] p. ;
_c18 cm.
490 1 _aBruguera
_v28
534 _aTítulo original:
_tLa chartreuse de Parme
650 4 _aNovela francesa
_91075
650 4 _aLiteratura francesa
_ySIGLO XIX
_95031
700 1 _aAcerete, Julio C.,
_etr.
_911980
830 0 _aBruguera ;
_v28
_945922
910 _aWM
049 _aBNGR
999 _c21695
_d21695